Cosby Show Characters Quiz - Statistics

General Stats
  • This quiz has been taken 80 times
  • The average score is 11 of 18
Answer Stats
Hint Character % Correct
The father of the household; OBGYN and veracious eater Heathcliff Huxtable
100%
The wife of him, attorney of law and mother of 5; Diet enthusiast, Clair Hanks
97%
Next oldest child, constantly bouncing back and forth on life goals Denise Kendall
90%
Youngest daughter of the Huxtables Rudith Huxtable
86%
Their oldest daughter; Went to Princeton Sondra Tibideaux
84%
Only son of the first two, suffers from dyslexia and laziness Theodore Huxtable
84%
Second youngest in the Huxtable family; Most famous for her trip to see the Wretched Vanessa Huxtable
83%
Her husband, former misogynist and naive father Elvin Tibideaux
78%
Stepdaughter of #5, actress went on to star on a hit Disney TV show Olivia Kendall
67%
Children of #3 and #4, named after a prominent South African and his wife Nelson Tibideaux
64%
Her husband, member of the United States Navy Martin Kendall
59%
Merge above down. Winnie Tibideaux
55%
Friend of #11; His name is not Bud Kenny
48%
Parents of #1 Anna Huxtable/Russell Huxtable
31%
Former Brazilian math teacher of #9; Referred to by students as "Dragon Lady" Anna Maria Westlake
29%
Another friend of #11; Not very talkative Peter Costa
26%
Previous character's ex-wife, inspired #5 to work towards becoming a teacher Paula
21%
Teacher of #11 and #16 Mrs. McGee
3%
No matching quizzes found
Score Distribution
Percent of People with Each Score
Percentile by Number Answered
Your Score History
You have not taken this quiz